Loading…

Conceiving Cuba : Reproduction, Women, and the State in the Post-Soviet Era /

Conceiving Cuba offers an intimate look at how the institutions promoting the well-being of mothers and children, once a cornerstone of the socialist system, collapsed with the fall of the Soviet Union, throwing both individual families and the nation itself into profound crisis. Drawing from years...

Full description

Bibliographic Details
Main Author: Andaya, Elise
Format: Electronic eBook
Language:Inglés
Published: Piscataway : Rutgers University Press, 2014.
Series:Book collections on Project MUSE.
Subjects:
Online Access:Texto completo

MARC

LEADER 00000cam a22000004a 4500
001 musev2_95613
003 MdBmJHUP
005 20230905053202.0
006 m o d
007 cr||||||||nn|n
008 140426s2014 nju o 00 0 eng d
020 |a 9780813565194 
020 |z 0813565197 
040 |a MdBmJHUP  |c MdBmJHUP 
100 1 |a Andaya, Elise. 
245 1 0 |a Conceiving Cuba :   |b Reproduction, Women, and the State in the Post-Soviet Era /   |c Elise Andaya. 
264 1 |a Piscataway :  |b Rutgers University Press,  |c 2014. 
264 3 |a Baltimore, Md. :  |b Project MUSE,   |c 0000 
264 4 |c ©2014. 
300 |a 1 online resource (192 pages). 
336 |a text  |b txt  |2 rdacontent 
337 |a computer  |b c  |2 rdamedia 
338 |a online resource  |b cr  |2 rdacarrier 
505 0 |a Introduction : reproduction, women, and the state -- (Re)producing the new woman : the early revolutionary years -- Reproducing citizens and socialism in prenatal care -- Abortion and calculated risks -- Engendered economies and the dilemmas of reproduction -- Having faith and making family overseas -- Conclusion : reproducing the revolution. 
520 |a Conceiving Cuba offers an intimate look at how the institutions promoting the well-being of mothers and children, once a cornerstone of the socialist system, collapsed with the fall of the Soviet Union, throwing both individual families and the nation itself into profound crisis. Drawing from years of first-hand observations and interviews, anthropologist Elise Andaya takes us inside the island's households and medical facilities, as they struggle to make do with limited resources and grapple with difficult questions concerning family planning, reproductive health, and the future o. 
546 |a English. 
588 |a Description based on print version record. 
650 7 |a Women's rights.  |2 fast  |0 (OCoLC)fst01178818 
650 7 |a Women  |x Government policy.  |2 fast  |0 (OCoLC)fst01176754 
650 7 |a Women and socialism.  |2 fast  |0 (OCoLC)fst01177112 
650 7 |a Reproductive rights.  |2 fast  |0 (OCoLC)fst01745961 
650 7 |a Human reproduction  |x Political aspects.  |2 fast  |0 (OCoLC)fst00963240 
650 7 |a SOCIAL SCIENCE  |x Ethnic Studies  |x Hispanic American Studies.  |2 bisacsh 
650 7 |a LAW  |x Administrative Law & Regulatory Practice.  |2 bisacsh 
650 6 |a Femmes et socialisme  |z Cuba. 
650 6 |a Femmes  |x Politique gouvernementale  |z Cuba. 
650 6 |a Femmes  |x Droits  |z Cuba. 
650 6 |a Planification familiale  |x Politique gouvernementale  |z Cuba. 
650 6 |a Droits genesiques  |z Cuba. 
650 6 |a Reproduction humaine  |x Aspect politique  |z Cuba. 
650 0 |a Women and socialism  |z Cuba. 
650 0 |a Women  |x Government policy  |z Cuba. 
650 0 |a Women's rights  |z Cuba. 
650 0 |a Family planning  |x Government policy  |z Cuba. 
650 0 |a Reproductive rights  |z Cuba. 
650 0 |a Human reproduction  |x Political aspects  |z Cuba. 
651 7 |a Cuba.  |2 fast  |0 (OCoLC)fst01205805 
655 7 |a Electronic books.   |2 local 
710 2 |a Project Muse.  |e distributor 
830 0 |a Book collections on Project MUSE. 
856 4 0 |z Texto completo  |u https://projectmuse.uam.elogim.com/book/95613/ 
945 |a Project MUSE - Custom Collection